Statistics for NBA Free Throw Champs Quiz

Click here to take the quiz!

General Stats

  • This quiz has been taken 52 times
    (16 since last reset)
  • The average score is 23 of 77

Answer Stats

YearFT%Player% Correct
201193.4%Stephen Curry
100%
201892.1%Stephen Curry
100%
201690.8%Stephen Curry
100%
201591.4%Stephen Curry
100%
198791.0%Larry Bird
80%
198488.8%Larry Bird
80%
199093.0%Larry Bird
80%
200692.1%Steve Nash
80%
201093.8%Steve Nash
80%
201392.2%Steve Nash
80%
198991.1%Magic Johnson
67%
200791.4%Kyle Korver
60%
200998.1%Jose Calderon
53%
200192.8%Reggie Miller
53%
199191.8%Reggie Miller
53%
199991.5%Reggie Miller
53%
200593.3%Reggie Miller
53%
202193.4%Chris Paul
47%
199495.6%Mahmoud Abdul-Rauf
47%
199693.0%Mahmoud Abdul-Rauf
47%
199790.6%Mark Price
40%
199394.8%Mark Price
40%
199294.7%Mark Price
40%
198691.3%Ray Williams
40%
200293.1%Jon Barry
33%
197994.7%Rick Barry
33%
197892.4%Rick Barry
33%
197692.3%Rick Barry
33%
197590.4%Rick Barry
33%
197390.2%Rick Barry
33%
198093.5%Rick Barry
33%
196790.3%Adrian Smith
27%
201494.0%Brian Roberts
27%
196887.3%Oscar Robertson
27%
202393.4%Tyler Herro
27%
196192.1%Bill Sharman
20%
195188.9%Bill Sharman
20%
195385.0%Bill Sharman
20%
195589.7%Bill Sharman
20%
195993.2%Bill Sharman
20%
195686.7%Bill Sharman
20%
195790.5%Bill Sharman
20%
199893.9%Chris Mullin
20%
196089.3%Dolph Schayes
20%
195890.4%Dolph Schayes
20%
196289.7%Dolph Schayes
20%
198392.0%Calvin Murphy
13%
198290.9%Calvin Murphy
13%
198195.8%Calvin Murphy
13%
201791.2%C.J. McCollum
13%
197794.5%Ernie DiGregorio
13%
197490.2%Ernie DiGregorio
13%
197089.8%Flynn Robinson
13%
198892.2%Jack Sikma
13%
200095.0%Jeff Hornacek
13%
198590.7%Kyle Macy
13%
200391.9%Allan Houston
7%
202092.6%Brad Wanamaker
7%
202292.5%Jordan Poole
7%
201992.8%Malcolm Brogdon
7%
200492.7%Peja Stojakovic
7%
200892.9%Peja Stojakovic
7%
199593.4%Spud Webb
7%
194782.9%Angelo Musi
0%
201293.3%Anthony Morrow
0%
195290.4%Bobby Wanzer
0%
194985.9%Bob Feerick
0%
197186.9%Dick Garrett
0%
197289.4%Jack Marin
0%
196388.1%Larry Costello
0%
196486.5%Larry Costello
0%
196587.7%Larry Costello
0%
196688.1%Larry Siegfried
0%
196986.4%Larry Siegfried
0%
194883.8%Sid Tanenbaum
0%
195085.3%Tony Lavelli
0%
195486.4%Vince Boryla
0%

Score Distribution

Percentile by Number Answered

Percent of People with Each Score

Your Score History

You have not taken this quiz since the last reset